[Event "Donetsk m"]
[Site "Donetsk"]
[Date "2001.01.22"]
[Round "7"]
[White "Ponomariov, Ruslan"]
[Black "Kortschnoj, Viktor Lvovich"]
[Result "1/2-1/2"]
[WhiteElo "2677"]
[BlackElo "2639"]
[Annotator "Ponomariov,R"]
[PlyCount "147"]
[EventDate "2001.01.16"]
[EventType "match"]
[EventRounds "8"]
[EventCountry "UKR"]
[SourceTitle "CBM 081"]
[Source "ChessBase"]
[SourceDate "2001.03.20"]
[SourceVersion "1"]
[SourceVersionDate "2001.03.20"]
[SourceQuality "1"]

1. e4 e6 2. d4 d5 3. Nc3 Nf6 4. Bg5 dxe4 5. Nxe4 Nbd7 6. Nxf6+ Nxf6 7. Nf3 h6 (
7... c5 8. dxc5 Qxd1+ $6 (8... Qa5+ $142) 9. Rxd1 Bxc5 10. Bb5+ Ke7 11. O-O h6
12. Bf4 Bd7 13. Bxd7 Nxd7 14. a3 Rhc8 $2 15. b4 Bb6 16. c4 $1 $16 {Yakovenko -
Dolmatov, St.Petersburg 2000}) 8. Bh4 c5 9. Be2 $5 (9. Bb5+ Bd7 10. Bxd7+ Qxd7
11. Bxf6 gxf6 12. dxc5 Bxc5 13. Qxd7+ Kxd7 14. Ke2 Ke7 15. Rhd1 Rhd8 16. c3 f5
17. Ne1 e5 $11 {Yudasin - Korchnoi, St.Petersburg 1997}) (9. Bd3 $5 cxd4 10.
Nxd4) 9... cxd4 (9... Bd7 10. O-O Qb6 $2 (10... Be7 $5) (10... cxd4) 11. Ne5 $1
cxd4 12. Bxf6 $2 {Rozentalis - Vaganian, Budapest 1996} (12. Bh5 $1 Nxh5 13.
Qxh5 g6 14. Nxg6 $18)) (9... Be7 $142 10. c3 (10. dxc5 Qa5+ 11. c3 Qxc5 12. O-O
O-O $13) 10... O-O 11. O-O b6 12. Ne5 Bb7 13. Bf3 Bxf3 14. Qxf3 Qd5 15. Qxd5
Nxd5 16. Bxe7 Nxe7 17. dxc5 bxc5 18. Rfd1 $14) 10. Qxd4 Qxd4 11. Nxd4 $14 Bc5 (
11... Bd7 12. Nb5 $1 Rc8 (12... Nd5 13. O-O-O a6 14. Rxd5 axb5 15. Bxb5 $18)
13. O-O-O $16) 12. Nb3 Bd6 13. Bf3 Ke7 14. Bg3 $1 (14. c4 $6 Bb4+ $1 15. Ke2 $2
g5 16. Bg3 g4 $19) (14. O-O-O g5 $1 15. Bg3 Bxg3 16. hxg3 g4 17. Be2 Bd7 18.
Na5 b6 19. Nc4 Bb5 $11) 14... Bxg3 15. hxg3 a5 (15... Rb8 $5 16. Na5 Rd8 17.
Rh4 Rd6 18. Rb4 (18. Rd1 $142 $5 $14) 18... Rb6 19. Rxb6 axb6 20. Nc4 b5 21.
Nb6 Bd7 22. Nxd7 Kxd7 23. Rd1+ Kc7 24. Rd4 Ne8 $1 $132 {Ponomariov-Korchnoi,
Kramatorsk (blitz) 2001}) 16. O-O-O Ra7 17. Rhe1 (17. Rh4 $5 b6 (17... Bd7 18.
Nc5 $14) 18. Rc4 Bd7 19. Nd4 $36) 17... Bd7 18. Nd4 g6 19. Re3 {/\ Rb3 xPb7} a4
(19... b5 20. Bc6 b4 21. Bxd7 Rxd7 22. Nc6+) 20. Rc3 Rc8 $8 21. Rxc8 Bxc8 22.
Nb5 Ra6 23. Rd4 Bd7 24. Nc3 (24. Nc7 $5 Rb6 25. Na8 Rb5 26. Rxa4 e5 $44 {פa8})
24... b5 25. a3 $6 (25. Be2 $142 Rb6 26. a3 $1 $16 (26. Rb4 Nd5 27. Nxd5+ exd5
$14) 26... Ne8 $140 $2 27. Rb4 Nd6 28. Nxa4 $18) 25... Ne8 $1 26. Be2 Nd6 27.
Rb4 Ra5 28. Kd2 Bc6 29. Bf1 h5 30. Ke3 e5 $1 $132 {צb4} 31. f4 Ke6 (31... Nf5+
$6 32. Kf2 Nd4 33. fxe5 Nxc2 34. Rf4 $16) 32. Kf2 Kf6 $6 (32... f5 $142 $1 $11)
33. Be2 Ke6 34. Bd3 Kf6 35. g4 $1 hxg4 36. fxe5+ Kxe5 37. Rxg4 Bd7 $6 $138 (
37... Ra8 $142 38. Rg5+ $140 Nf5 39. Bxf5 gxf5 40. g4 Bd7 41. gxf5 Bxf5 42.
Nxb5 Kf6 43. Rg3 Bxc2 $11) 38. Rg3 Ra7 39. Re3+ Kf6 40. Nd5+ Kg5 41. Re5+ $1 (
41. Re7 Rb7 42. Ke3 Bc6 43. Rxb7 Bxb7 44. Kd4 f5 45. Kc5 Nc4 $1 46. Bxc4 bxc4
47. Kxc4 f4) 41... f5 42. Ke3 Bc6 43. Nf4 Ra8 $8 44. Nxg6 Kf6 $5 (44... Kxg6
45. Re6+ Kg5 46. Rxd6 Bxg2 47. Bxb5 f4+ 48. Kd2 $16 Rb8 $140 49. c4 f3 50. Ke3
Rb7 51. Kf2 $18) 45. Rc5 $2 (45. Kd4 $1 Rd8 46. Nf4 $1 Nc4+ 47. Nd5+ $18) (45.
Kf4 Rg8 46. Rc5 Bb7 $1 47. Ne5 Rxg2 $132) 45... Bxg2 46. Nh4 $6 (46. Ne5 $5 $14
) (46. Nf4 $5 $14) 46... Be4 47. Bxe4 fxe4 48. Rc6 Ke5 49. Ng6+ Kd5 $6 (49...
Ke6 50. Nf4+ Kd7 51. Rc5 Re8 (51... Nc4+ 52. Kxe4 Nxb2 53. Rxb5 Nc4 54. Rd5+
Kc6 55. Rd3 $14) 52. Nd5 Rh8 $11) 50. Ne7+ Ke6 $2 (50... Ke5 $8 51. Rc5+ Ke6
52. Nd5 Rb8 53. Nc3 b4 54. Nxe4 Nxe4 55. Kxe4 bxa3 56. bxa3 Kd6 $11) 51. Nf5
Kxf5 52. Rxd6 Re8 $8 53. Rh6 Kg5 $8 54. Rh2 Re7 55. Rf2 Re5 $1 56. Rf4 $6 (56.
Rf1 $1 Rc5 (56... Re8 57. Rf4 Re5 (57... Rc8 58. Rxe4 Rxc2 (58... Kf5 59. Rb4
Rc5 60. Kd4 $18) 59. Re5+ Kf6 60. Rxb5 Ke6 61. Kd3 Rh2 62. Kc3 Kd6 63. Rb4 Rh3+
64. Kc4 $18) 58. Rxe4 Kf5 59. Rxe5+ Kxe5 60. Kd3 Kd5 61. b4 axb3 62. cxb3 $18)
(56... Kg6 57. Rf4 Rc5 58. c3 Re5 59. Kd4 $1 Rh5 60. Rf2 Rh4 61. Ke3 $18) 57.
Kxe4 Rxc2 58. Rf5+ Kg6 59. Rxb5 Kf6 60. Kd3 Rh2 61. Kc3 $18) 56... Rc5 57. c3
$2 (57. Rf2 Re5 58. Rf1 $1 $18) 57... Re5 $1 58. Rf8 Re7 59. Rb8 Re5 60. Rb6
Kf5 61. Rd6 Re8 62. Rh6 Kg5 63. Rh1 Re7 64. Rf1 Re8 65. Rf4 Re5 66. Rxe4 Kf5
67. Rxe5+ Kxe5 $11 68. Kd2 Kd6 69. Kc2 Kc6 70. b4 axb3+ 71. Kxb3 Kb7 72. a4
bxa4+ 73. Kxa4 Kc6 74. c4 1/2-1/2

[Event "UKR-ch 75th"]
[Site "Poltava"]
[Date "2006.11.24"]
[Round "1.1"]
[White "Lagno, Kateryna"]
[Black "Drozdovskij, Yuri"]
[Result "1-0"]
[WhiteElo "2459"]
[BlackElo "2561"]
[Annotator "Postny,E"]
[PlyCount "95"]
[EventDate "2006.11.24"]
[EventType "k.o."]
[EventRounds "5"]
[EventCountry "UKR"]
[SourceTitle "CBM 116"]
[Source "ChessBase"]
[SourceDate "2007.02.01"]
[SourceVersion "1"]
[SourceVersionDate "2007.02.01"]
[SourceQuality "1"]

1. e4 e6 2. d4 d5 3. Nc3 dxe4 4. Nxe4 Nd7 {Recently this opening got a
reputation of a very reliable weapon against white's aggressive 3.Nc3. In vast
amount of games Black managed to equalize without any difficulties.} 5. Bd3 ({
More common line is:} 5. Nf3 Ngf6 6. Nxf6+ Nxf6 7. Bg5 {keeping several
options of developing the Bf1.}) 5... Ngf6 6. Nxf6+ Nxf6 7. Bg5 c5 8. dxc5 Bxc5
9. Nf3 ({Brings no advantage for White:} 9. Qe2 Qa5+ 10. Bd2 Bb4 11. c3 Bd6 12.
Nf3 Bd7 13. O-O Qh5 14. h3 O-O 15. Rad1 Rfd8 $11 {1/2-1/2 Almasi,Z (2668)
-Huebner,R (2615)/Istanbul 2000/EXT 2001 (21)}) 9... O-O $6 {Probably, not the
most accurate order of moves.} ({On the next day, in the play-off match
between the same opponents Yuri Drozdovskij improved his play:} 9... h6 10. Bh4
O-O 11. Qd2 b6 12. O-O-O Bb7 13. Rhe1 Be7 14. Ne5 Qc7 (14... Nd5 15. Bxe7 Qxe7
16. a3 Rad8 17. f4 Nf6 18. c4 Qc7 19. b4 Nd7 20. Kb2 Nxe5 21. fxe5 Kh8 22. Qe3
Rd7 23. g4 $36 {1-0 Morozevich,A (2731)-Pelletier,Y (2583)/Biel SUI 2006/The
Week in Chess 613 (34)}) 15. Bg3 (15. Nd7 $5 Qxd7 16. Bxf6 Bd5 17. Bxe7 Qxe7
$11) 15... Qc5 16. Kb1 Rad8 17. f3 Bd6 18. Qe2 Nh5 19. f4 Nxg3 20. hxg3 Bxe5
21. fxe5 Qe7 $15 {White has too many pawn weaknesses... 0-1 Lahno,K (2459)
-Drozdovskij,Y (2561)/Poltava UKR 2006/The Week in Chess 629 (47)}) 10. Qd2 {
The plan connected with the castling to queenside is the only way for White to
fight for an initiative.} Be7 ({Does not solve black's problems:} 10... b6 11.
O-O-O Bb7 12. Qf4 Qe7 13. Ne5 h6 14. Bxh6 $1 gxh6 15. Qxh6 {looks frightening
for black's king.}) 11. O-O-O Qc7 (11... b6 $2 12. Bxf6 $1 Bxf6 13. Qf4 {
[%cal Gf4e4,Ge4a8,Ge4h7,Gd3h7]} Bd7 14. Bb5 {winning the queen.}) 12. Rhe1 b6
13. Ne5 {White's play must be tempting in order to make use of his temporary
advantage in development.} Nd5 $2 {This move leads to considerable loss of
tempoes for Black.} (13... Rd8 14. Qe3 (14. Qe2 Bb7 15. Nxf7 $2 Kxf7 16. Qxe6+
Kf8 17. Bc4 Rxd1+ 18. Rxd1 Bc5 19. Bxf6 Qf4+ 20. Kb1 Qxf6 21. Qg8+ Ke7 22. Re1+
Kd7 {and black's king escapes.}) 14... Nd5 15. Bxh7+ Kxh7 16. Qe4+ Kg8 (16...
f5 17. Qh4+ Kg8 18. Bxe7 Nxe7 19. Rxd8+ Qxd8 20. Ng6 Kf7 21. Ne5+ Kg8 $11) 17.
Bxe7 Qxe7 18. Nc6 Qg5+ 19. f4 Qf6 20. c4 (20. Nxd8 $6 Qxd8 21. c4 Qc7 $17)
20... Rd7 21. cxd5 Bb7 $132 {These lines probably could be improved for White,
but it's clear that 13...Rd8 was the critical line.}) ({Bad is:} 13... Bb7 $2
14. Bxf6 Bxf6 15. Nd7 $1 {and Black has to give up the exchange to avoid the
worst.}) 14. Bxe7 Qxe7 15. c4 Nf6 16. g4 $1 {White is far ahead in both space
and development. The forthcoming g4-g5 advance is very annoying, black's
knight has no satisfactory square to retreat.} Bb7 (16... Nd7 17. Nc6 $1 (17.
Nxd7 $2 Bxd7 18. Bxh7+ Kxh7 19. Qxd7 Qg5+ 20. Qd2 Qxg4 $11) 17... Qh4 18. Be4
Nc5 (18... Kh8 $2 19. Qd6 Qxf2 20. Ne7 Rb8 21. Nxc8 Rfxc8 22. Qxd7 Rxc4+ 23.
Kb1 $18) 19. Ne7+ Qxe7 20. Bxa8 Ba6 21. Bf3 Bxc4 22. Kb1 $16) 17. g5 Nh5 (17...
Ne8 18. Nd7 $1 Bf3 19. Nxf8 Kxf8 20. Be4 $18) 18. Be2 Rad8 19. Qe3 g6 (19... f6
20. Rxd8 Rxd8 21. Bxh5 fxe5 22. Qxe5 $18) 20. Bxh5 gxh5 {Black's pawn
structure is now permanently damaged, and his king will always be a target.
Objectively speaking, White is winning. On the other hand, it's not easy to
make the decisive assault yet, since a lot of pieces are exchanged.} 21. Qf4
Qc7 22. Kb1 Ba6 23. Qf6 ({The "Fritz" suggestion} 23. Rc1 {with the simple
idea Qh4-Qxh5 is rather concrete and unhuman. I doubt if any human player
would give the "d" file so freely...}) 23... Rd6 24. Rxd6 Qxd6 25. Qf4 Bb7 26.
Kc2 {The king helps to set a control over the "d" file.} Bc6 27. Rd1 Qc7 28.
Kb1 Rc8 $4 {Black's position is obviously not something to be proud of, but
there was no reason to commit such a blunder.} (28... b5 {could keep the
resistance going.}) {[%tqu "En","White can win on the spot. How?","","","d1d7",
"That's it!",5]} 29. Rd7 $1 {That's it! Black has to part with his queen.} Qxd7
(29... Bxd7 30. Qxf7+ Kh8 31. g6 {with mate on the next move.}) 30. Nxd7 Bxd7
31. Qd4 Bc6 32. h4 Be8 33. Kc2 Rc5 34. b4 {All White needs is just to create a
passed pawn.} Rf5 35. Kd2 Bc6 36. Ke2 b5 37. Qd8+ Kg7 38. Qc7 Bf3+ 39. Ke3 bxc4
40. Qxa7 e5 41. b5 {It's rather typical for tournaments with KO system to
delay resignation until the very end...} Bd5 42. Qc5 Rf3+ 43. Kd2 Rd3+ 44. Kc2
Kg6 45. b6 Be4 46. Qxe5 Re3+ 47. Kd2 Rd3+ 48. Kc1 {Nice game from Katya Lahno!}
1-0

[Event "London Classic 2nd"]
[Site "London"]
[Date "2010.12.15"]
[Round "7"]
[White "Carlsen, Magnus"]
[Black "Short, Nigel D"]
[Result "1-0"]
[WhiteElo "2802"]
[BlackElo "2680"]
[Annotator "Postny,E"]
[PlyCount "79"]
[EventDate "2010.12.06"]
[EventType "tourn"]
[EventRounds "7"]
[EventCountry "ENG"]
[EventCategory "19"]
[SourceTitle "CBM 140"]
[Source "ChessBase"]
[SourceDate "2011.01.18"]
[SourceVersion "1"]
[SourceVersionDate "2011.01.18"]
[SourceQuality "1"]

1. e4 e6 2. d4 d5 3. Nd2 dxe4 4. Nxe4 Nd7 5. Nf3 Be7 6. Bc4 {This is a
somewhat unusual square for the bishop. Normally, 6.Bd3 follows automatically.}
Ngf6 {Nigel must be familiar with the position, as once he was on the white
side, even though the game ended in a quick draw.} 7. Nxf6+ (7. Qe2 O-O 8.
Nxf6+ Bxf6 9. Be3 c5 10. O-O-O Qa5 11. Qd2 Qxd2+ 12. Rxd2 Nb6 13. Be2 {1/2-1/2
Short,N (2615)-Spassky,B (2620)/Solingen 1986/TD}) 7... Nxf6 8. O-O O-O 9. Ne5
{This move is directed to preventing the fianchetto by b7-b6, followed by
Bc8-b7.} (9. Qe2 b6 10. Bg5 Bb7 11. Rad1 Nd5 {has appeared in practice
numerous times. Black has very little to worry about.}) 9... c5 10. dxc5 Qxd1
$6 {I don't think Black should give up the fight over the d-file.} (10... Bxc5
{Here White can avoid the exchange of queens, but it shouldn't be a source of
worry for Black.} 11. Qe2 Nd5 $1 (11... Qc7 12. Bf4 $36) 12. Rd1 Qc7 13. Bxd5
exd5 14. Rxd5 Be6 15. Rd1 Rae8 $44) 11. Rxd1 Bxc5 12. Be2 $1 $14 {The bishop
will be ready to go to f3, pressing on Black's queenside.} Ne4 {[%csl Rf2]} 13.
Nd3 Be7 14. Be3 h6 $2 {Under normal circumstances this would be a useful move,
but here it's a loss of a vital tempi. In fact, this is already the last
critical moment in the game.} (14... Bd7 $2 15. Bf3 f5 (15... Bc6 $2 16. Ne5 f5
17. Nxc6 bxc6 18. Bxe4 fxe4 19. Rd4 $18) 16. Bxe4 fxe4 17. Nc5 Bxc5 18. Rxd7
$16) (14... f6 $2 15. a4 e5 16. Bf3 Bf5 17. a5 a6 18. Ra4 Nd6 19. Bd5+ Kh8 20.
c4 $16) (14... b6 $1 {was called for.} 15. Ne5 (15. a4 Bb7 16. a5 Rfc8 17. axb6
axb6 18. Rxa8 Bxa8 $14) 15... Bd6 16. Nc4 (16. Bf3 Bxe5 17. Bxe4 Rb8 {is not
much for White.}) 16... Bc7 17. Na3 (17. Bf3 Bb7 18. Rd7 Rac8 $11) 17... Be5
18. Bd4 Bxd4 19. Rxd4 Bb7 20. Rad1 $14 {After 14...b6 in all lines Black's
position is slightly worse, but with accurate defence he should be able to
hold.}) 15. a4 $1 {From now on Black won't be able to complete his development
without losing material.} a5 (15... b6 16. a5 {is no longer satisfactory for
Black.}) 16. g3 {A somewhat surprising quiet move, which doesn't spoil
anything, though. Black doesn't have a useful move.} (16. Ne5 {was far more
obvious with the same idea which Magnus realised one move later.}) 16... Rd8
17. Ne5 Nf6 18. Nc4 Rxd1+ (18... Nd5 19. Nb6 Nxb6 20. Bxb6 {and Black is
paralysed.}) 19. Rxd1 Nd5 20. Nb6 Nxe3 21. fxe3 Rb8 {The elimination of the
bishop didn't make Black's life easier. His queenside pieces are still stuck.}
22. Kf2 e5 ({The alternatives lead to a very similar position:} 22... f6 23.
Rd4 {[%csl Rc8][%cal Gd4c4]} e5 24. Rd5) (22... g6 23. Rd4 e5 24. Rd5) 23. Rd5
Be6 24. Rxa5 $18 Rd8 25. Bd3 {Black had to give up the important pawn in order
to complete his development. Now the game enters into the technical phase,
where White's pawn majority on the queenside, three against one, decides
matters.} Bf6 26. e4 $1 {Killing Black's hopes of opening some diagonals.} Rd4
27. Rb5 (27. Ra7 Rb4 28. Rxb7 Rxb2 29. a5 {was even easier.}) 27... g6 28. a5
Kg7 29. Ke2 Bg4+ 30. Kf2 Be6 31. Kf3 h5 32. Nd5 Bd8 33. b4 {Slowly, but surely,
White's pawns march forward.} Bc8 34. Ke2 Bg4+ 35. Ke1 f5 36. Rxb7+ Kh6 37. Ne3
Bf3 38. a6 fxe4 39. Be2 Bg5 40. a7 1-0

[Event "Syre Memorial op 32nd"]
[Site "Issy les Moulineaux"]
[Date "2009.05.22"]
[Round "3"]
[White "Guliyev, Namig"]
[Black "Song, Julien"]
[Result "1-0"]
[WhiteElo "2534"]
[BlackElo "2318"]
[Annotator "Primel,D"]
[PlyCount "59"]
[EventDate "2009.05.21"]
[EventType "swiss"]
[EventRounds "6"]
[EventCountry "FRA"]
[SourceTitle "EXT 2010"]
[Source "ChessBase"]
[SourceDate "2010.11.25"]
[SourceVersion "1"]
[SourceVersionDate "2010.11.25"]
[SourceQuality "1"]

1. e4 e6 2. d4 d5 3. Nc3 Nc6 {Le choix de la variante GUIMARD face а un fort
GMI est un peu douteux car le jeune MF a peu d'expérience avec cette nouvelle
ligne. Au surplus, GULIYEV avait déjà été confronté а cette variante la veille
а la 1ère ronde contre LEFRANC !} (3... Nf6 {Kramo,S (2029)-Song,J (2318) Syre
mem op 32th 2009 (1.15) 0-1}) 4. Nf3 Nf6 5. Bg5 (5. e5 Nd7) (5. Bd3 Bb4 6. e5
Ne4 7. Bd2 Nxd2 8. Qxd2 Nxd4 $5 {Tarrasch,S-Alapin,S Tarrasch-Alapin Match
1902 0-1}) 5... Be7 6. Bxf6 ({RR} 6. Bd3 dxe4 7. Nxe4 Nxe4 8. Bxe7 Nxf2 9. Bxd8
Nxd1 10. Bxc7 Nxb2 11. Be2 Na4 12. Kd2 Kd7 13. Bg3 Ke7 14. c4 Rd8 15. Ke3 Nb6
16. Rhc1 f6 17. Rab1 Nd7 18. Bc7 Re8 19. Nd2 e5 20. d5 Nd4 {Nataf,I (2526)
-Short,N (2677)/New Delhi/Teheran 2000/CBM 080/1-0 (94)}) ({la ligne
principale visant а échanger le bon B des noirs.} 6. e5 Ne4 (6... Nd7 7. h4) 7.
Bxe7 Qxe7 8. Nd2 $6 {Sochacki,C (2250)-Song,J (2318) FRA-ch U16 Aix les Bains
2009 (5) 1-0}) 6... Bxf6 7. Bb5 {Continuant а suivre la même ligne que dans la
1ère ronde} dxe4 $6 {Le manque d'expérience se fait ressentir et il vallait
mieux suivre la grande ligne ligne comme le spécialiste de la variante E.PRIE}
(7... O-O $142 8. O-O Nb8 $5 {[%cal Ga7a6];Koch,J (2460)-Prie,E (2460) FRA-ch
Strasbourg 1992 (10) 0-1}) (7... a6 $6 8. Bxc6+ bxc6 9. O-O $14 {Guliyev,N 
(2534)-Lefranc,B (2089) Syre mem op 32th 2009 (1.2) 1-0}) 8. Nxe4 Qd5 $2 $146 {
Un coup pseudo actif et après Qe2, les blancs auront l'occasion de gagner un
tempo sur la Qd5 avec "c4"} ({RR} 8... Bd7 9. O-O a6 10. Ba4 Na5 11. c3 Nc4 12.
Nxf6+ gxf6 13. Bb3 Nd6 14. Re1 Qe7 15. c4 O-O-O 16. Qc2 Qf8 17. c5 Nf5 18. d5
exd5 19. Bxd5 Ne7 20. Be4 f5 21. Bd3 Rg8 22. Ne5 Qg7 23. g3 {Lau,R (2485)-Bany,
J (2430)/Dortmund 1991/CBM 023/1-0 (38)}) 9. Qe2 $1 {[%cal Gc2c4]} Be7 (9...
O-O 10. c4 $14) 10. c4 $36 Qf5 11. Ne5 $1 Bb4+ $2 (11... O-O $142 12. Bxc6 (12.
Nxc6 $6 bxc6 13. Bxc6 Rb8) 12... bxc6 13. Nxc6 Bf6 14. Nxf6+ Qxf6 15. O-O $16)
12. Kf1 $18 O-O 13. Bxc6 bxc6 14. Nxc6 $2 (14. g4 $1 {La nouveauté Qd5 n'était
vraiment pas bonne car les blancs gagnent encore un tempo!} Qf4 15. Nd3 {
[%cal Gd3b4,Gd3f4]}) 14... a5 15. a3 Bb7 16. Ng3 $14 {Tout est а refaire pour
le GMI qui reste mieux mais la paire de B des noirs dans une position ouverte
peut donner du contre-jeu au MF} Qf4 17. Nh5 Qh4 $2 (17... Qf5 $142 18. axb4
Bxc6 19. b5) 18. Qe5 $36 f6 19. Qxe6+ Kh8 20. Nxg7 $1 Bd6 (20... Kxg7 21. axb4
axb4 22. Rxa8 Rxa8 23. g3 $16 {[%cal Gf1g2,Gh1e1]}) 21. Nf5 Qg4 $6 (21... Qf4
$142) 22. h3 Qg6 23. Nxd6 cxd6 24. d5 Rae8 25. Qxd6 Qc2 26. Kg1 $18 {[%cal
Gg1h2]} Qxc4 27. Nxa5 Qb5 28. Nxb7 Qxb2 29. Rd1 Qxb7 30. Kh2 1-0

[Event "POL-chT 66th"]
[Site "Katowice"]
[Date "2010.09.07"]
[Round "4"]
[White "Piorun, Kacper"]
[Black "Sieciechowicz, Marcin"]
[Result "1/2-1/2"]
[WhiteElo "2497"]
[BlackElo "2443"]
[Annotator "RR"]
[PlyCount "62"]
[EventDate "2010.09.04"]
[EventType "team-tourn"]
[EventRounds "9"]
[EventCountry "POL"]
[SourceTitle "EXT 2016"]
[Source "ChessBase"]
[SourceDate "2015.10.08"]
[SourceVersion "1"]
[SourceVersionDate "2015.10.08"]
[SourceQuality "1"]
[WhiteTeam "Gorzow Wielkopolski"]
[BlackTeam "Prokonex"]
[WhiteTeamCountry "POL"]
[BlackTeamCountry "POL"]

1. e4 e6 2. d4 d5 3. Nc3 dxe4 4. Nxe4 Nd7 5. Nf3 Ngf6 6. Bd3 (6. Nxf6+ Nxf6 7.
c3 c5 8. Be3 Qc7 9. Ne5 a6 10. Qa4+ Nd7 11. Bb5 cxd4 12. Bxd7+ Bxd7 13. Qxd4
Bb5) 6... c5 7. O-O Be7 8. Nxc5 Nxc5 9. dxc5 Bxc5 10. Bg5 O-O 11. Qe2 h6 12.
Bh4 Be7 13. Rad1 Nd5 (13... Qb6 14. c4 Bd7 15. Ne5 Bc6 16. Nxc6 bxc6 17. b3
Rfd8 18. Bb1 a5 19. Qc2 g6 20. Qc3 Rxd1 21. Rxd1 Ng4 22. Bxe7 Qxf2+ 23. Kh1 Qf4
24. Bd6 Nf2+ 25. Kg1 Nxd1 26. Bxf4 Nxc3 27. Bc2 Nxa2 28. Be4 Nb4 29. c5 a4 30.
bxa4 Rxa4 31. Bd2 Nd5 {0-1 (32) Pogonina,N (2382)-Glek,I (2571) playchess.com
INT 2004}) 14. Qe4 f5 15. Bxe7 fxe4 16. Bxd8 exd3 $11 17. Rxd3 Rxd8 18. c4 b6
19. Rfd1 Bb7 20. cxd5 Rxd5 21. Ne1 Rc8 22. Rxd5 Bxd5 23. b3 a5 $1 {[%cal Ga5a4,
Gd5a2]} 24. f3 b5 25. Kf2 b4 26. Ke2 a4 27. Rd4 axb3 28. axb3 Bxb3 29. Rxb4 Bd5
30. Kd2 Ra8 31. Nd3 Kf8 1/2-1/2

[Event "RUS Cup final"]
[Site "Magnitogorsk"]
[Date "2011.11.16"]
[Round "2.2"]
[White "Andriasian, Zaven"]
[Black "Matlakov, Maxim"]
[Result "1/2-1/2"]
[WhiteElo "2619"]
[BlackElo "2632"]
[Annotator "RR"]
[PlyCount "119"]
[EventDate "2011.11.13"]
[EventType "k.o."]
[EventRounds "4"]
[EventCountry "RUS"]
[SourceTitle "CBM 146"]
[Source "ChessBase"]
[SourceDate "2012.01.18"]
[SourceVersion "1"]
[SourceVersionDate "2012.01.18"]
[SourceQuality "1"]

1. e4 e6 2. d4 d5 3. Nc3 Nf6 4. Bg5 dxe4 5. Nxe4 Nbd7 6. Nf3 h6 7. Nxf6+ Nxf6
8. Be3 Nd5 9. Bd2 c5 10. Ne5 a6 11. c3 Bd6 12. Qa4+ Ke7 13. Qd1 Qc7 14. Qh5
Bxe5 15. dxe5 Rd8 16. h4 b5 17. Rh3 Bb7 18. Rg3 Rg8 19. Bd3 g5 20. O-O-O Nf4
21. Qxh6 Qxe5 22. hxg5 Nxd3+ 23. Rxd3 Bxg2 $2 (23... Rh8 24. Rd7+ Ke8 $16) 24.
Be3 $18 Ke8 25. Qh4 $2 (25. Rd7 Rh8 26. g6 $1 $18) 25... Rh8 $16 26. Qg4 Be4
27. Bf4 Qf5 28. Qxf5 Bxf5 29. Rd6 c4 30. Be5 Rh3 31. Bf6 Bd3 32. Kd2 Kf8 33. f3
Kg8 34. Rd7 Rf8 35. Ke3 Kh7 36. Ra7 Kg6 37. Rxa6 Rb8 38. b4 Rb7 39. Ra5 Rh2 $6
(39... e5 40. Bxe5 Kxg5 $16) 40. Rd2 $2 (40. Kf4 Rb8 41. Be5 $18) 40... Rh3 41.
Rg2 Rh4 $2 (41... Kf5 42. a4 Be4 $16) 42. a3 Rh3 43. Rg4 Rh2 44. Ra8 e5 45.
Bxe5 Re7 46. Rg8+ $2 (46. Kf4 Rxe5 47. Kxe5 $18) 46... Kf5 $15 47. Kd4 Rd7+ 48.
Kc5 Kxe5 49. Kxb5 Rc2 50. Re8+ Kf5 51. Kc6 Ra7 52. b5 Rxc3 53. b6 Ra6 54. Rf8
Kg6 55. Kb5 $2 (55. Rd8 Rb3 56. Rd6+) 55... Rcxa3 56. b7 c3+ 57. Kc5 c2 58. Rg1
R6a5+ $2 (58... Bf1 59. Rxf1 Ra1 $19) 59. Kd6 Ra6+ 60. Ke5 1/2-1/2

[Event "Capablanca Memorial Elite 49th"]
[Site "Havana"]
[Date "2014.05.18"]
[Round "10"]
[White "Vallejo Pons, Francisco"]
[Black "Ivanchuk, Vassily"]
[Result "1/2-1/2"]
[WhiteElo "2700"]
[BlackElo "2753"]
[Annotator "RR"]
[PlyCount "55"]
[EventDate "2014.05.08"]
[EventType "tourn"]
[EventRounds "10"]
[EventCountry "CUB"]
[EventCategory "19"]
[SourceTitle "CBM 161"]
[Source "ChessBase"]
[SourceDate "2014.07.16"]
[SourceVersion "1"]
[SourceVersionDate "2014.07.16"]
[SourceQuality "1"]

1. e4 e6 2. d4 d5 3. Nc3 dxe4 4. Nxe4 Nd7 5. Nf3 Ngf6 6. Nxf6+ Nxf6 7. g3 b6 8.
Bb5+ Bd7 9. Bxd7+ Qxd7 10. O-O c5 11. Qe2 Rc8 12. Bg5 c4 (12... Be7 $142) 13.
Ne5 Qxd4 (13... Qd5 $5) 14. Rfe1 $1 Qc5 15. Rad1 Be7 16. Bxf6 $6 (16. Nxf7 $1
O-O (16... Kxf7 17. Qxe6+ Kg6 18. h4 $1 Rc6 19. Qxe7 $18) 17. Ne5 $16) 16...
Bxf6 17. Nxf7 $11 (17. Nd7 $5 Qf5 18. c3 $13) 17... Kxf7 18. Qxe6+ Kg6 19. Rd5
Qc6 20. Qf5+ Kf7 21. Rd7+ Kg8 22. Rd6 Qxd6 23. Qxc8+ Bd8 24. Re8+ Kf7 25. Rxh8
Qd1+ 26. Kg2 Qd5+ 27. Kg1 Qd1+ 28. Kg2 1/2-1/2